| 000 | 00653nam a22002297a 4500 | ||
|---|---|---|---|
| 999 |
_c8454 _d8454 |
||
| 001 | 8454 | ||
| 003 | BD-JhCC | ||
| 005 | 20180723090736.0 | ||
| 008 | 180224s1977 b ||||| |||| 00| 0 ben d | ||
| 020 | _a98446003512 | ||
| 035 | _a(BD-JhCC) 8454 | ||
| 040 |
_aBD-JhCC _dBD-JhCC |
||
| 041 | _aben | ||
| 082 |
_a780.1 _bUDD 1977 |
||
| 100 | _aউদ্দীন, জসীম | ||
| 245 |
_aমুর্শীদা গান / _cজসীম উদ্দীন |
||
| 260 |
_aঢাকা : _bবাংলা একাডেমী; _bপলাশ, _c1977 |
||
| 300 |
_a272 p : _c22 cm |
||
| 650 | _aDevotional Song | ||
| 942 |
_2ddc _cBK |
||